| 000 | 00389nam a2200157Ia 4500 | ||
|---|---|---|---|
| 008 | 230917s9999||||xx |||||||||||||| ||und|| | ||
| 040 |
_e113604 _aMAIN |
||
| 041 | _aEnglish | ||
| 082 | _a005.74 D262I | ||
| 100 | _aDate, C J | ||
| 245 | 0 | _aIntroduction to database system | |
| 250 | _a8th ed. | ||
| 260 |
_aNew elhi _bPearson Education _c2007 |
||
| 300 | _axxxii, 931 p. | ||
| 942 | _cBK | ||
| 999 |
_c140419 _d140419 |
||